00866nam a2200217 a 4500001001000000003000500010005001700015008004100032010001100073011001100084040000900095100003400104245015300138260004100291500006000332502008200392650003400474650003600508650003400544856007000578000115534CHAP20220329144538.0190603s2018 mx a |sm |||||||spa d a111995 a112967 cCHAP1 aPérez Pardo, Brenda Edén.10aOferta y demanda de agua en el periodo 1990-2015 en el municipio de Chicoloapan, Estado de Méxicoh[En línea]cpor Brenda Edén Pérez PardoM. aChapingo, Méx. :bEl autor,c2018. aPara ver el contenido del material haga clic en la liga aTesis (Ing. en Recursos Naturales Renovables) -- UACH. Departamento de Suelos14aAgua potablexAbastecimiento.14aAgua PotablexAdministración.14aAgua potablexMéxico (Edo.) aFinding aiduhttp://10.13.5.2/tesis/sist115534.pdfzTeclea aquí